000 00710nam a2200229 a 4500
001 BRCA_7785
005 20190320210006.0
008 011013s1963----nyua######---#000-0#eng-#
041 _aeng
044 _anyu
050 4 _aNK2270
_b.G74 1963
245 1 0 _aGreat styles of furniture
_benglish, italian, french, dutch, spanish
_cintroduction by Charles Vandam.
260 _aNueva York
_bViking
_c1963
300 _a308 p.
_bil. (algunas a color), tabla cronológica
_c30 cm.
440 0 _aA Studio Book
_919284
500 _aX29
650 1 4 _aMuebles
_xHistoria
_94173
650 1 4 _aDecoración y ornamentación
_xHistoria
_91924
700 1 _aVandam, Charles
_eintr.
_919285
902 _aGFM
942 _2lcc
_cB
999 _c7459
_d7459